| 000 | 00384nam a2200133Ia 4500 | ||
|---|---|---|---|
| 005 | 20260326235438.0 | ||
| 008 | 260326s9999||||xx |||||||||||||| ||und|| | ||
| 100 | _aVan Lengen, Johan | ||
| 245 | 0 |
_aManual del Arquitecto descalzo : _b Como construir Casas y otros Edificios / _cJohan Van Lengen |
|
| 260 | _bConceptos | ||
| 300 | _a538 p. | ||
| 650 | _aARQUITECTURA-GENERAL | ||
| 942 | _cBK | ||
| 999 |
_c7312 _d7312 |
||